Ekonomická integrácia migrantov na príklade Francúzska a Spojeného kráľovstva bakalárska práca

Salvato in:
Dettagli Bibliografici
Autore principale: Lennerová, Lujza
Ente Autore: Fakulta medzinárodných vzťahov EU. Katedra medzinárodných ekonomických vzťahov a hospodárskej diplomacie
Altri autori: Janubová, Barbora, 1991-
Natura: Libro
Lingua:slovacco
Pubblicazione: Bratislava 2018
Tags: Aggiungi Tag
Nessun Tag, puoi essere il primo ad aggiungerne!!

MARC

LEADER 00000nbm a2200000 4500
001 0244518
005 20180924093100.9
041 0 |a slo 
044 |a SK 
245 1 0 |a Ekonomická integrácia migrantov na príklade Francúzska a Spojeného kráľovstva  |b bakalárska práca  |c Lujza Lennerová ; školiteľ: Barbora Janubová 
264 1 |a Bratislava  |c 2018 
300 |a 41 s. 
100 1 |a Lennerová, Lujza 
700 1 |a Janubová, Barbora, 1991- 
710 2 |a Fakulta medzinárodných vzťahov EU. Katedra medzinárodných ekonomických vzťahov a hospodárskej diplomacie